Scale Levels of Plastic Flow and Mechanical Properties of Nanostructured Materials; Nanomaterials by Severe Plastic Deformation - NANOSPD 2

Détails bibliographiques
Parent link:Nanomaterials by Severe Plastic Deformation - NANOSPD 2.— 2004.— [P. 37-43]
Autres auteurs: Panin V. E. Viktor Evgenyevich, Panin A. V. Alexey Viktorovich, Derevyagina L. S., Kopylov V. I., Valiev R. Z.
Résumé:Title screen
The relation of shear contributions at micro-, meso-, and macroscale levels governs the mechanical behavior and stress–strain curve of ultrafine-grained materials. Special attention must be paid to their surface layer which is the autonomous mesoscopic structural level of plastic deformation.
Режим доступа: по договору с организацией-держателем ресурса
Langue:anglais
Publié: 2004
Sujets:
Accès en ligne:http://dx.doi.org/10.1002/3527602461.ch1d
Format: Électronique Chapitre de livre
KOHA link:https://koha.lib.tpu.ru/cgi-bin/koha/opac-detail.pl?biblionumber=641494

MARC

LEADER 00000naa0a2200000 4500
001 641494
005 20250603125556.0
035 |a (RuTPU)RU\TPU\network\6411 
090 |a 641494 
100 |a 20150521d2004 k y0engy50 ba 
101 0 |a eng 
102 |a DE 
135 |a drcn ---uucaa 
181 0 |a i  
182 0 |a b 
200 1 |a Scale Levels of Plastic Flow and Mechanical Properties of Nanostructured Materials  |f V. E. Panin [et al.] 
203 |a Text  |c electronic 
300 |a Title screen 
330 |a The relation of shear contributions at micro-, meso-, and macroscale levels governs the mechanical behavior and stress–strain curve of ultrafine-grained materials. Special attention must be paid to their surface layer which is the autonomous mesoscopic structural level of plastic deformation. 
333 |a Режим доступа: по договору с организацией-держателем ресурса 
463 |t Nanomaterials by Severe Plastic Deformation - NANOSPD 2  |o Proceedings of the Conference, Vienna, Austria, December 9th-13th, 2002  |f ed. by M. Zehetbauer and R. Z. Valiev  |v [P. 37-43]  |d 2004 
610 1 |a труды учёных ТПУ 
610 1 |a электронный ресурс 
701 1 |a Panin  |b V. E.  |c Director of Russian materials science center  |c Research advisor of Institute of strength physics and materials science of Siberian branch of Russian Academy of Sciences  |f 1930-  |g Viktor Evgenyevich  |3 (RuTPU)RU\TPU\pers\26443  |9 12146 
701 1 |a Panin  |b A. V.  |c physicist  |c Professor of Tomsk Polytechnic University, doctor of physical and mathematical Sciences  |f 1971-  |g Alexey Viktorovich  |3 (RuTPU)RU\TPU\pers\34630  |9 17992 
701 1 |a Derevyagina  |b L. S. 
701 1 |a Kopylov  |b V. I. 
701 1 |a Valiev  |b R. Z. 
801 1 |a RU  |b 63413507  |c 20111118 
801 2 |a RU  |b 63413507  |c 20160315  |g RCR 
850 |a 63413507 
856 4 0 |u http://dx.doi.org/10.1002/3527602461.ch1d 
942 |c CF